| 000 | 00000nam##2200000za#4500 |
| 001 | 9.690305 |
| 003 | CaOODSP |
| 005 | 20210624232250 |
| 007 | cr ||||||||||| |
| 008 | 150407|2007||||xxc|||||o f|0| 0 eng|d |
| 020 | |a978-0-662-47005-2 |
| 040 | |aCaOODSP|beng |
| 043 | |an-cn--- |
| 086 | 1 |aM144-173/2007E-PDF |
| 110 | 1 |aCanada.|bNatural Resources Canada. |bOffice of Energy Efficiency. |
| 245 | 10|aecoENERGY programs for buildings |h[electronic resource] |
| 260 | |aOttawa - Ontario : |bNatural Resources Canada. |cc2007. |
| 300 | |a1p. |
| 500 | |aAt head of title: ecoENERGY - an ecoACTION initiative. |
| 590 | |a13-24-Supp|b2013-10-18 |
| 775 | 08|tProgrammes écoÉNERGIE pour les bâtiments |w(CaOODSP)9.634672 |
| 856 | 40|ahttp://publications.gc.ca|qPDF|s140 KB|uhttps://publications.gc.ca/collections/collection_2013/rncan-nrcan/M144-173-2007-eng.pdf |